La república Dominicana y la integración económica de América Latina (Registro nro. 6672)
[ vista simple ]
| 000 -LEADER | |
|---|---|
| fixed length control field | 01443 a2200193 4500 |
| 001 - CONTROL NUMBER | |
| control field | 59417 |
| 005 - DATE AND TIME OF LATEST TRANSACTION | |
| control field | 20260407155848.0 |
| 008 - FIXED-LENGTH DATA ELEMENTS--GENERAL INFORMATION | |
| fixed length control field | 260407a1968 arg spa d |
| 003 - CONTROL NUMBER IDENTIFIER | |
| control field | AR-UNSa-BCEJYS |
| 040 ## - CATALOGING SOURCE | |
| Original cataloging agency | AR-UNSa-BCEJYS |
| Language of cataloging | spa |
| Transcribing agency | AR-UNSa-BCEJYS |
| 080 ## - UNIVERSAL DECIMAL CLASSIFICATION NUMBER | |
| Universal Decimal Classification number | 338.1(8) |
| Common auxiliary subdivision | Situación económica. Ciclos. Desarrollo de la estructura económica en América del sur. Estados y regiones de América del sur. América latina. Iberoamérica |
| 100 1# - MAIN ENTRY--PERSONAL NAME | |
| Personal name | Tamames, Ramón |
| 245 10 - TITLE STATEMENT | |
| Title | La república Dominicana y la integración económica de América Latina |
| 264 #1 - PRODUCTION, PUBLICATION, DISTRIBUTION, MANUFACTURE, AND COPYRIGHT NOTICE | |
| Place of production, publication, distribution, manufacture | Buenos Aires : |
| Name of producer, publisher, distributor, manufacturer | BID/INTAL (Banco Interamericano de Desarrollo. Instituto para la integración de América Latina) |
| Date of production, publication, distribution, manufacture, or copyright notice | 1968 |
| 300 ## - PHYSICAL DESCRIPTION | |
| Extent | 269 p. |
| Dimensions | 23 cm. |
| 505 ## - FORMATTED CONTENTS NOTE | |
| Formatted contents note | 1. Observaciones preliminares – 2. El desarrollo económico de la República Dominicana. Los problemas de base – 3. El sector externo de la economía dominicana. Su estructura e instituciones – 4. Las ventajas generales de la integración económica y el caso de la República Dominicana – 5. Posibilidades, problemas y limitaciones de una mayor relación entre la República Dominicana y Haití – 6. Las relaciones económicas de la República Dominicana con el área del Caribe – 7. La aproximación de la República Dominicana al Mercado Común Centroamericano – 8. La República Dominicana ante la ALALC – 9. Resumen y conclusiones |
| 590 ## - LOCAL NOTE (RLIN) | |
| Local note | niveau_biblio:m niveau_hierar:0 |
| 942 ## - ADDED ENTRY ELEMENTS (KOHA) | |
| Koha item type | |
| Withdrawn status | Lost status | Damaged status | Not for loan | Home library | Current library | Shelving location | Date acquired | Total checkouts | Full call number | Barcode | Date last seen | Price effective from | Koha item type |
|---|---|---|---|---|---|---|---|---|---|---|---|---|---|
| Biblioteca Prof. Eusebio Cleto del Rey | Biblioteca Prof. Eusebio Cleto del Rey | 07/04/2026 | 338.1(8) T153 | L44067 | 07/04/2026 | 07/04/2026 | Libro |